Quizzes
Events
Quiz Creation
Community
Videos
Private Events
Remove Ads
Sign In
Join for FREE
Feedback
Dark Mode
Quiz Categories
Sports
Geography
Music
Movies
Television
Just For Fun
Miscellaneous
History
Literature
Language
Science
Gaming
Entertainment
Religion
Holiday
For Kids
Quiz Lab
Recent
Popular Today
Quiz Kudos Today
Editor Picks
Curator Picks
Quizzes by...
Day
Popularity
Type
Ratings
Length
Year
Community
Subscriptions
Recent Discussions
Orange Saloon
Badges
Playlists
Quests
Create
Leaderboards
Showdown
Live 5
Trivia Bingo
Activity
Puzzle Library
Sporcle Events
Private Events
Virtual Trivia
Globe League
Become a Host
Pub Owners
SporcleCon
Opinionation
Our Games
Videos
Blog
Mobile Apps
Partnerships
Remove Ads and Go Orange
Feedback
Movies
Disney
Marvel Cinematic Universe
Movie Resume
Movie Titles
Oscar
Actor
Actress
Director
Pixar
Role
Movie Quotes
Movie Characters
Box Office
Nominee
Best Picture
Star Wars
James Bond
Horror Movies
Movies
Disney
Marvel Cinematic Universe
Movie Resume
Movie Titles
Oscar
Actor
Actress
Director
Pixar
Role
Movie Quotes
Movie Characters
Box Office
Nominee
Best Picture
Star Wars
James Bond
Horror Movies
Random Quiz
Search Sporcle
×
Quiz Lab
Quiz Lab
Movies
minute
Type in answers that appear in a list
Type in answers that appear in a list
Classic
Best Score? Go Orange.
40 Inspirational Speeches in 2 Minutes Stats
Can you name the movie these speeches came from ?
By
jbeck3r
8m
57 Questions
241 Plays
241 Plays
241 Plays
Comments
Comments
Give Quiz Kudos
Give Quiz Kudos
-
- Ratings
hide this ad
More Info
Replay
Link that replays current quiz
Next Quiz
Link to next quiz in quiz playlist
You Got
0%
They Got
Avg Score
56%
Avg Friend Score
Upgrade to see
Score Distribution
Jump to the score distribution portion of the page
Score
0/57
Timer
08:00
0
Plays Today
Time
Movie
% Correct
00:00-
00:07
Braveheart
97.1%
01:45-
01:50
Braveheart
97.1%
02:08-
02:10
Rocky 2
88%
01:18-
01:21
Troy
85.5%
01:17-
01:18
300
85.1%
01:50-
01:52
Independence Day
84.2%
02:00-
02:01
Superman II
83.4%
01:40-
01:45
Pulp Fiction
81.7%
01:52-
01:53
Free Willy
79.3%
00:29-
00:35
Lord of the Rings: Return of the King
76.8%
00:10-
00:16
Animal House
75.9%
00:45-
00:48
Charlie Brown
75.1%
01:25-
01:26
Dead Poet's Society
74.3%
01:55-
01:56
Dead Poet's Society
74.3%
00:16-
00:22
Rudy
72.6%
02:03-
02:04
Rudy
72.6%
01:14-
01:17
Pirates of the Caribbean: At Worlds End
70.5%
01:36-
01:37
The Mighty Ducks
70.5%
00:07-
00:10
The Great Muppet Caper
69.3%
00:39-
00:41
Bring It On
69.3%
00:25-
00:26
Old School
68.9%
01:54-
01:55
Cool Runnings
68.5%
01:10-
01:12
Patton
66.8%
00:48-
00:50
Apollo 13
65.1%
02:04-
02:05
Shawshank Redemption
64.7%
00:35-
00:39
Star Trek: First Contact
64.3%
01:53-
01:54
Angels in the Outfield
64.3%
02:01-
02:03
The Neverending Story
63.5%
00:57-
01:01
Alexander
61.4%
Time
Movie
% Correct
00:26-
00:29
Mr. Smith Goes to Washington
59.3%
01:59-
02:00
Goonies
59.3%
01:23-
01:25
Miracle
58.1%
01:34-
01:36
Hoosiers
57.3%
01:26-
01:27
Galaxyquest
56.8%
02:05-
02:06
The Grinch Who Stole Christmas
56.4%
01:12-
01:14
Any Given Sunday
52.3%
01:32-
01:34
Mary Martin's Peter Pan
51.5%
01:57-
01:59
Spartacus
51.5%
01:05-
01:08
Robin Hood
46.9%
01:21-
01:23
Swingers
45.2%
00:52-
00:53
The Matrix Reloaded
43.6%
02:06-
02:07
Ferris Beuller's Day Off
43.6%
01:01-
01:03
Network
41.1%
00:53-
00:55
Kingdom of Heaven
40.7%
01:29-
01:31
The Untouchables
37.3%
01:08-
01:10
The Great Dictator
36.1%
00:43-
00:45
Newsies
35.3%
00:50-
00:52
Rocky Balboa
35.3%
00:22-
00:25
Street Fighter
33.6%
00:41-
00:43
Stand and Deliver
29.9%
01:37-
01:40
Henry V
23.7%
01:03-
01:05
The Outlaw Josey Wales
13.7%
00:55-
00:57
Knute Rockne: All American
13.3%
01:31-
01:32
Army of Darkness
11.2%
01:27-
01:29
The Last Starfighter
8.3%
02:07-
02:08
Bill and Ted's Excellent Adventure
7.1%
01:56-
01:57
Meatballs
5%
Quiz Playlist
Details
Report
Send in Message
Add To Playlist
More Info:
More than 40 speeches but name every movie anyway Special Thanks to Matthew Belinkie at overthinkingit.com
Classic:
Type in answers that appear in a list
Quiz Source
Last Updated: Feb 16, 2017
Quiz Scoreboard
CHALLENGE
Sign Up to Join the Scoreboard
Show All
Scores
Hide
Comments
May contain spoilers
Recently Published
An Introduction to Baseball
by treessimontrees
Sports
5m
Movies - When Are They Set?
by FPL_Elf
Movies
5m
Popular People in 1961
by mucciniale
History
6m
More to Explore
Quiz From the Vault
Featured Blog Post
Where Did the Easter Bunny Come From?
hide this ad
You Might Also Like...
Tags
minute
speech
Today's Top Quizzes in Movies
Browse Movies
hide this ad
Today's Top Quizzes in minute
Browse minute
Top Contributed Quizzes in Movies
1
Pick 5 Posters: Directed by Spielberg
2
Pick 5 Posters: Lowest-Rated Spielberg
3
7-to-1: Pixar Characters
4
Multi-Oscar Nominations, One Movie, One Winner
5
Pick 5 Posters: Directed by Scorsese
6
12 Movies about Fictional 1960s Events
7
Pick 5 Posters: Star & Director
8
Sorting Actors
9
Sorting Actresses
10
One Thing in Common: Movies
Explore More
Trending Topics
NBA
Kpop
Disney
Crossword
Harry Potter
Marvel
Anime
Soccer
Puzzle
Country
NFL
The Office
Song
Pokémon
WWE
hide this ad
More By:
jbeck3r
Quiz
Plays
Rating
Category
Featured
Created
TV Antonyms 2
1,007
2.00
Television
Dec 8, 2009
40 Inspirational Speeches in 2 Minutes
241
4.40
Movies
Jan 24, 2010
Random Facts
52
1.00
Just For Fun
Oct 10, 2012
Animals
27
1.00
Just For Fun
May 8, 2011
Go to Creator's Profile
Score Distribution
Quiz Creator Spotlight
jbeck3r
Follow
Send a Message
Quizzes Created
-
Created Quiz Play Count
-
More By This Creator
Popular Quizzes Today
1
Find the Countries of Europe - No Outlines Minefield
2
Find the US States - No Outlines Minefield
3
The Countries of the World
4
Popular People in 1961
5
Find the US States
6
US States
7
1-10 Letter E Words III
8
Risky Map Clicking: Biggest States A-Z
More Movies Quizzes
Best Picture Objects
Published
Trending Quizzes
Risky Map Clicking: Least Populous States A-Z
1-10 Letter F Words
1-10 Letter G Words
One Thing in Common: United Kingdom
Risky Map Clicking: Next State Alphabetically
Recently Updated
Leaping Animals
pecheneg
Reality TV Shows (A-Z)
bhenderson79
Rickey Henderson's Hall of Fame Teammates
pecheneg
Champions League XIs: Arsenal
pecheneg
Quick Pick: Celebrities in WWE's Hall of Fame
aduchscher
A-Z Keypad Blitz II
pecheneg
Multiple Oscar Actors
pecheneg
Mystery Phrase Blitz: Oscar 'Best Actors'
pecheneg
F. Scott Fitzgerald Novels
LTH
Pick 3 Villains
ddd62291
Trending Topics
Kpop
Crossword
Anime
Marvel
NBA
Disney
Harry Potter
WWE
Soccer
NFL
Song
Country
The Office
Puzzle
Pokémon
Your Account Isn't Verified!
In order to create a playlist on Sporcle, you need to verify the email address you used during registration. Go to your
Sporcle Settings
to finish the process.
Report this User
Report this user for behavior that violates our
Community Guidelines
.
Details:
Send Report
Go to the Sporcle.com Mobile Site →
Comments